000 00697nam a2200217 a 4500
001 BRL_1587
005 20190320211257.0
008 190314s1963----mx-ab#####---#000-0#spa-#
041 _aspa
044 _amx
050 4 _aF1220
_b.M37 1963
100 1 _aMarino Flores, Anselmo
_927372
245 1 0 _aDistribución municipal de los hablantes de lenguas indígenas en la República Mexicana
_cAnselmo Marino Flores.
260 _aMéxico
_bINAH
_c1963
300 _a70 p.
_bil., 58 mapas
_c22 cm.
440 0 _aDepartamento de Investigaciones Antropológicas. Publicaciones
_v12
_927373
500 _aAu2081
650 1 4 _aIndígenas de México
_xLenguas
_918535
902 _aGRL
942 _2lcc
_cB
999 _c10396
_d10396